Sports Quiz

Random Sports or Basketball Quiz

NBA Top 10 Points in the Paint Quiz Stats

Quiz Updated Oct 12, 2016

Challenge
Share
Tweet
Embed
Score 0/140 Timer 07:00
1 Play Today
Year Player % Correct
2000-01Shaquille O'Neal
97.9%
2001-02Shaquille O'Neal
97.9%
2002-03Shaquille O'Neal
97.9%
2003-04Shaquille O'Neal
97.9%
2004-05Shaquille O'Neal
97.9%
2005-06Shaquille O'Neal
97.9%
2008-09Shaquille O'Neal
97.9%
2001-02Jermaine O'Neal
96.7%
2002-03Jermaine O'Neal
96.7%
2003-04LeBron James
96.5%
2004-05LeBron James
96.5%
2005-06LeBron James
96.5%
2006-07LeBron James
96.5%
2007-08LeBron James
96.5%
2008-09LeBron James
96.5%
2009-10LeBron James
96.5%
2010-11LeBron James
96.5%
2011-12LeBron James
96.5%
2012-13LeBron James
96.5%
2005-06Dwight Howard
95.2%
2006-07Dwight Howard
95.2%
2007-08Dwight Howard
95.2%
2008-09Dwight Howard
95.2%
2009-10Dwight Howard
95.2%
2010-11Dwight Howard
95.2%
2011-12Dwight Howard
95.2%
2012-13Dwight Howard
95.2%
2000-01Tim Duncan
95.2%
2001-02Tim Duncan
95.2%
2002-03Tim Duncan
95.2%
2003-04Tim Duncan
95.2%
2006-07Tim Duncan
95.2%
2007-08Tim Duncan
95.2%
2013-14LeBron James
93.2%
2001-02Pau Gasol
91.7%
2002-03Pau Gasol
91.7%
2003-04Pau Gasol
91.7%
2005-06Pau Gasol
91.7%
2008-09Pau Gasol
91.7%
2010-11Pau Gasol
91.7%
2010-11Blake Griffin
91.4%
2011-12Blake Griffin
91.4%
2012-13Blake Griffin
91.4%
2013-14Dwight Howard
90%
2000-01Kevin Garnett
89.2%
2002-03Kevin Garnett
89.2%
2003-04Kevin Garnett
89.2%
Year Player % Correct
2004-05Kevin Garnett
89.2%
2004-05Dwyane Wade
88.8%
2005-06Dwyane Wade
88.8%
2008-09Dwyane Wade
88.8%
2009-10Dwyane Wade
88.8%
2010-11Dwyane Wade
88.8%
2012-13Dwyane Wade
88.3%
2013-14Blake Griffin
87.9%
2004-05Amar'e Stoudemire
87.2%
2006-07Amar'e Stoudemire
87.2%
2007-08Amar'e Stoudemire
87.2%
2009-10Amar'e Stoudemire
87.2%
2010-11Amar'e Stoudemire
87.2%
2001-02Kobe Bryant
84.4%
2013-14Kevin Durant
83.4%
2003-04Carmelo Anthony
81.9%
2005-06Carmelo Anthony
81.9%
2006-07Carmelo Anthony
81.9%
2007-08Carmelo Anthony
81.9%
2009-10Brook Lopez
79.1%
2010-11Brook Lopez
79.1%
2012-13Brook Lopez
79.1%
2003-04Zach Randolph
78.4%
2006-07Zach Randolph
78.4%
2009-10Zach Randolph
78.4%
2010-11Zach Randolph
78.4%
2012-13Russell Westbrook
77.5%
2011-12Russell Westbrook
77.1%
2004-05Yao Ming
76.9%
2008-09Yao Ming
76.5%
2000-01Chris Webber
75.9%
2004-05Tony Parker
75%
2005-06Tony Parker
75%
2008-09Tony Parker
75%
2008-09David Lee
72.4%
2009-10David Lee
72.4%
2011-12David Lee
72.4%
2012-13David Lee
72.4%
2000-01Allen Iverson
72%
2002-03Allen Iverson
72%
2004-05Allen Iverson
72%
2005-06Allen Iverson
72%
2011-12Andrew Bynum
71.5%
2007-08Al Jefferson
71%
2010-11Al Jefferson
71%
2011-12Al Jefferson
71%
2009-10Josh Smith
70.1%
Year Player % Correct
2010-11LaMarcus Aldridge
69.5%
2013-14DeMarcus Cousins
69.2%
2012-13Al Jefferson
69.1%
2000-01Elton Brand
66.1%
2001-02Elton Brand
66.1%
2004-05Elton Brand
66.1%
2005-06Elton Brand
66.1%
2006-07Carlos Boozer
65.5%
2007-08Carlos Boozer
65.5%
2009-10Carlos Boozer
65.5%
2004-05Shawn Marion
64.6%
2005-06Shawn Marion
64.6%
2006-07Shawn Marion
64.6%
2013-14Al Jefferson
64.4%
2007-08Andrew Bogut
64.3%
2009-10Andrew Bogut
64.3%
2013-14Andre Drummond
64.2%
2011-12DeMarcus Cousins
63.1%
2013-14David Lee
60.3%
2012-13Greg Monroe
58.3%
2011-12Greg Monroe
58.3%
2000-01Tracy McGrady
56.7%
2001-02Tracy McGrady
56.7%
2003-04Eddy Curry
55.9%
2006-07Eddy Curry
55.9%
2013-14Greg Monroe
52.4%
2000-01Antoine Walker
48.7%
2003-04Antoine Walker
48.7%
2007-08Emeka Okafor
46.6%
2008-09Emeka Okafor
46.6%
2000-01Antawn Jamison
45.8%
2001-02Antawn Jamison
45.8%
2002-03Antawn Jamison
45.8%
2003-04Antawn Jamison
45.8%
2008-09Antawn Jamison
45.8%
2000-01Gary Payton
45.6%
2001-02Gary Payton
45.6%
2011-12Marcin Gortat
43.6%
2002-03Kenyon Martin
42.7%
2007-08Monta Ellis
34.6%
2012-13Thaddeus Young
33.4%
2002-03Stephon Marbury
29.4%
2013-14Thaddeus Young
28.1%
2001-02Shareef Abdur-Rahim
25%
2002-03Shareef Abdur-Rahim
25%
2006-07Ruben Patterson
3.1%

You're not logged in!

Compare scores with friends on all Sporcle quizzes.
Sign Up with Email
OR
Log In

You Might Also Like...

Show Comments

Extras

Top Quizzes Today


Score Distribution

Your Account Isn't Verified!

In order to create a playlist on Sporcle, you need to verify the email address you used during registration. Go to your Sporcle Settings to finish the process.